Lanthanide and actinide chemistry
The Inorganic Chemistry: A Textbook series reflects the pivotal role of modern inorganic and physical chemistry in a whole range of emerging areas, such as materials chemistry, green chemistry and bioinorganic chemistry, as well as providing a solid grounding in established areas such as solid state...
Đã lưu trong:
| Tác giả chính: | |
|---|---|
| Định dạng: | Sách |
| Ngôn ngữ: | Undetermined |
| Được phát hành: |
Chichester, England
John Wiley & Sons, Ltd.
2006
|
| Những chủ đề: | |
| Các nhãn: |
Thêm thẻ
Không có thẻ, Là người đầu tiên thẻ bản ghi này!
|
| Thư viện lưu trữ: | Trung tâm Học liệu Trường Đại học Cần Thơ |
|---|
| LEADER | 00940nam a2200205Ia 4500 | ||
|---|---|---|---|
| 001 | CTU_123974 | ||
| 008 | 210402s9999 xx 000 0 und d | ||
| 020 | |c 2480000 | ||
| 082 | |a 546.41 | ||
| 082 | |b C851 | ||
| 100 | |a Cotton, Simon | ||
| 245 | 0 | |a Lanthanide and actinide chemistry | |
| 245 | 0 | |c Simon Cotton | |
| 260 | |a Chichester, England | ||
| 260 | |b John Wiley & Sons, Ltd. | ||
| 260 | |c 2006 | ||
| 520 | |a The Inorganic Chemistry: A Textbook series reflects the pivotal role of modern inorganic and physical chemistry in a whole range of emerging areas, such as materials chemistry, green chemistry and bioinorganic chemistry, as well as providing a solid grounding in established areas such as solid state chemistry, coordination chemistry, main group chemistry and physical inorganic chemistry | ||
| 650 | |a Rare earth metals.,Actinide elements. | ||
| 904 | |i Minh | ||
| 980 | |a Trung tâm Học liệu Trường Đại học Cần Thơ | ||